000 01791cam a22004574i 4500
003 PE-LiUPU
005 20250731184515.0
008 170503s1948 gw a r 000 0 eng d
035 _a(Sirsi) a167507
040 _aPE-LiUPU
_bspa
_cPE-LiUPU
_erda
049 _aPRUA
082 0 4 _a973.26
_bB33
_220
100 1 _aBeard, Mary Ritter.,
_eautor.
245 1 2 _aHistory of the United States
_cMary Ritter-Beard ; Charles Beard.
264 1 _aBremen
_bEurop. Hochsch.-Verl.
_c1948
300 _aXIII 547 páginas :
_bilustraciones ;
_c20 centimetros
336 _atext
_2rdacontent
337 _aunmediated
_2rdamedia
338 _avolume
_2rdacarrier
505 0 _aThe colonial period -- Conflict and indeoendence -- The union and national life -- The west and jacksonian democracy -- Democracy and conflict -- National growth and world politics -- Progressive democracy and foreign relations.
526 _aP136
526 _aP135
526 _aP134
526 _aP133
526 _aP144
526 _aP143
526 _aP87
526 _aP35
526 _aP20
526 _aP14
526 _aP10
526 _aP06
650 0 4 _aHistoria de Estados Unidos.
910 _ajck
_bjvq
_cjck
_d20170503.
942 _2ddc
_cBOOK
949 _a973.26 B33
_wDEWEY
_c1
_i75650
_lCATALOGING
_mBUL
_p15.00
_r0
_sY
_tBOOK
_u2017-05-03
_xTEOLOGIA
_zPOSGRADO TEOLOGÍA
_0COMPRA
_o.CIRCNOTE. El documento es de alto precio.
_o.STAFF. Colección Teología
994 _aC0
_bPEPRU
596 _a1
999 _a973.26 B33
_wLC
_c16238
_i75650
_d16238
_f2021-11-12
_g4
_lCCODEBUL1
_mBUL
_p15.00
_q5
_r0
_sY
_tBOOK
_u2017-5-3
_xTEOLOGIA
_PP85
_0COMPRA
_o.STAFF. Colección Teología
980 _81
_gALBERTO SANCHEZ Responsable de Automatización